Online
Catalog

Residente del lupus / (Record no. 9945)

MARC details
000 -CABECERA
campo de control de longitud fija 00858nam a2200253 a 4500
001 - NÚMERO DE CONTROL
campo de control 000010186
005 - FECHA Y HORA DE LA ÚLTIMA TRANSACCIÓN
campo de control 20240412074215.0
008 - DATOS DE LONGITUD FIJA--INFORMACIÓN GENERAL
campo de control de longitud fija 091005s2006 pr 000 p spa d
020 ## - NÚMERO INTERNACIONAL ESTÁNDAR DEL LIBRO
Número Internacional Estándar del Libro 1932271457
040 ## - FUENTE DE LA CATALOGACIÓN
Centro catalogador/agencia de origen DO-SdBNP
Lengua de catalogación spa
Centro/agencia transcriptor BNPHU
082 ## - NÚMERO DE LA CLASIFICACIÓN DECIMAL DEWEY
Número de clasificación PR861.44
Número de documento/Ítem G166r
049 ## - FONDOS LOCALES (OCLC)
Fondos de biblioteca BNPD
100 1# - ENTRADA PRINCIPAL--NOMBRE DE PERSONA
Nombre de persona Gallego
9 (RLIN) 25191
245 10 - MENCIÓN DE TÍTULO
Título Residente del lupus /
Mención de responsabilidad, etc. Gallego ; corrección Lucinda Ausente ; colaboración editorial Guillermo Rebollo Gil.
260 ## - PUBLICACIÓN, DISTRIBUCIÓN, ETC.
Lugar de publicación, distribución, etc. San Juan, Puerto Rico
-- Santo Domingo :
Nombre del editor, distribuidor, etc. Isla Negra,
Fecha de publicación, distribución, etc. 2006.
300 ## - DESCRIPCIÓN FÍSICA
Extensión 59 p. ;
Dimensiones 22 cm.
490 1# - MENCIÓN DE SERIE
Mención de serie Filo de Fuego
500 ## - NOTA GENERAL
Nota general Incluye datos biográficos del autor en la solapa.
650 #0 - PUNTO DE ACCESO ADICIONAL DE MATERIA--TÉRMINO DE MATERIA
Término de materia o nombre geográfico como elemento de entrada Poesía dominicana
9 (RLIN) 66
650 #0 - PUNTO DE ACCESO ADICIONAL DE MATERIA--TÉRMINO DE MATERIA
Término de materia o nombre geográfico como elemento de entrada Literatura dominicana.
9 (RLIN) 67
700 1# - PUNTO DE ACCESO ADICIONAL--NOMBRE DE PERSONA
Nombre de persona Ausente, Lucinda,
Término indicativo de función/relación corr.
9 (RLIN) 11862
700 1# - PUNTO DE ACCESO ADICIONAL--NOMBRE DE PERSONA
Nombre de persona Rebollo Gil, Guillermo,
Término indicativo de función/relación col. ed.
9 (RLIN) 25192
830 #0 - PUNTO DE ACCESO ADICIONAL DE SERIE-TÍTULO UNIFORME
Título uniforme Filo de Fuego
9 (RLIN) 7107
Holdings
Estado de retiro Estado de pérdida Restricciones de uso No para préstamo Código de colección Localización permanente Ubicación/localización actual Ubicación en estantería Fecha de adquisición Número de inventario Total de préstamos Signatura topográfica completa Código de barras Fecha visto por última vez Precio válido a partir de Tipo de ítem Koha Número de copia
      Excluido de préstamo Monografías: Libros y Folletos General General En catalogación 05.10.2009 LF1   PR861.44 G166r 10186-10 25.06.2020 25.06.2020 No se presta  
      Excluido de préstamo Monografías: Libros y Folletos General General En catalogación 05.10.2009 LF1   PR861.44 G166r 10186-20 25.06.2020 25.06.2020 No se presta e. 2
        Monografías: Libros y Folletos General General En catalogación 05.10.2009 LF1   PR861.44 G166r 10186-30 25.06.2020 25.06.2020 Préstamo en sala e. 3

Powered by Koha